El ombú, y otros cuentos rioplatenses /

Guardado en:
Autor Principal: Hudson, Guillermo Enrique
Formato: Libro
Publicado: Buenos Aires : Espasa Calpe, 1959
Edición:6a. ed.
Series:Austral, 182
Materias:
Etiquetas: Agregar Etiqueta
Sin Etiquetas, Sea el primero en etiquetar este registro!
LEADER 00805nam a22002415a 4500
001 CEM.cems003329
005 19000101000000.0
008 130507s1959##################000#0#####d
003 CEMS
082 0 4 |a A863.3 
100 1 |a Hudson, Guillermo Enrique 
245 1 0 |a El ombú, y otros cuentos rioplatenses /  |c Guillermo Enrique Hudson 
250 |a 6a. ed. 
260 |a Buenos Aires :  |b Espasa Calpe,  |c 1959 
300 |a 146 p. 
490 0 |a Austral, 182 
505 0 |a El omb£.- El cuento de un overo.- El Ni¤o Diablo.- Marta Riquelme.- 
653 |a Cuento argentino (1889-1910) 
653 |a Cuentos 
653 |a Literatura 
653 |a Literatura argentina 
859 |a CEMS  |b BIB. CEMS - 11 de abril  |h A863.3  |i H867-1a6  |p 8524.80  |t Ej.1 
859 |a CEMS  |b BIB. CEMS - 11 de abril  |h A863.3  |i H867-1a6  |p 8558.80  |t Ej.2